Statistics for Bottom 10 U.S. States by # of Roller Coasters

Click here to take the quiz!

General Stats

  • This quiz has been taken 740 times
  • The average score is 8 of 11

Answer Stats

Rank# of CoastersAnswer% Correct
451Alaska
90%
480Hawaii
87%
451North Dakota
84%
403South Dakota
84%
422Montana
83%
451Wyoming
81%
480Rhode Island
78%
422Vermont
76%
480Delaware
70%
422Nebraska
64%
403Mississippi
42%

Score Distribution

Percentile by Number Answered

Percent of People with Each Score

Your Score History

You have not taken this quiz